Moderné formy združení podnikov v energetickom sektore ukrajinskej ekonomiky

Moderné formy podnikateľských združení na Ukrajine. Trendy v prevádzkach najväčších združení podnikov palivového a energetického komplexu krajiny. Ich úloha a perspektívy efektívneho fungovania v energetickej sfére.

Saved in:
Bibliographic Details
Main Author: Zaharii, Vita K.
Format: Book Chapter
Language:Ukrainian
Subjects:
Tags: Add Tag
No Tags, Be the first to tag this record!

MARC

LEADER 00000naa a2200000 4500
001 0249007
005 20191008095754.7
041 0 |a ukr 
044 |a UA 
245 1 0 |a Moderné formy združení podnikov v energetickom sektore ukrajinskej ekonomiky  |c Vita K. Zaharii 
520 |a Moderné formy podnikateľských združení na Ukrajine. Trendy v prevádzkach najväčších združení podnikov palivového a energetického komplexu krajiny. Ich úloha a perspektívy efektívneho fungovania v energetickej sfére. 
610 2 0 |a združenia podnikov 
610 2 0 |a energetika 
610 2 0 |a inovácie technologické 
610 2 0 |a inovácie environmentálne 
610 2 0 |a Ukrajina 
100 1 |a Zaharii, Vita K.